BIBLIOTHÈQUE DE LA MAISON DU MEXIQUE

Logo 1 Logo 2

Desde la esquina donde la luna medita (notice nᵒ 4338)

détails MARC
000 -Sello discográfico
campo de control de longitud fija 00813nam a2200289 4500
005 - Identificación de versión
campo de control 20251017062709.0
010 ## - Número Estándar Internacional de Libros (ISBN)
Número (ISBN) 1-882573-00-5
035 ## - Otros números de control del sistema
Número de control del sistema 26472
099 ## - fechas locales
Tipo de ítem Koha LIBRO
100 ## - Datos de procesamiento general
Datos de procesamiento general 19990623d1993 m y1spay5003 ba
105 ## - Campo de datos codificados: Material textual, monográfico
Datos codificados de monografía y 001gy
200 1# - Título y mención de responsabilidad
Título propio Desde la esquina donde la luna medita
Designación general del material texto impreso
Primer mención de responsabilidad Coral Zayas
210 ## - Publicación, distribución, etc.
Lugar de publicación, distribución, etc. New York
Nombre del editor, distribuidor, etc. Serena Bay Books
Fecha de publicación, distribución, etc. 1993
215 ## - Descripción física
Designación de material específico y extensión del ítem 73 p
Dimensiones 22 cm
345 ## - Nota de información de adquisición
Fuente de adquisición/dirección de la suscripción [OBSOLETO] Donación del Centro Cultural
410 #1 - Series
Título Colección de Poesía
606 ## - Término temático usado como materia
Elemento de entrada Poesía mexicana
Subdivisión cronológica Siglo XX
Número Koha 10
660 ## - Código de área geográfica
Código MX
700 ## - Nombre personal - Responsabilidad primaria
Elemento de entrada Zayas Damiani
Parte del nombre distinta del elemento de entrada Coral
Fechas 1953-
Número Koha 8323
801 #0 - Fuente de origen
Agencia cm
900 ## -
-- 1/19027
900 ## -
-- 7109910938\230699
942 ## - ELEMENTOS DE ENTRADA SECUNDARIOS (KOHA)
Tipo de ítem Koha Livre
996 ## -
-- MEX
-- 751145101
-- MMAG
-- 010364
-- 861.4 Z39DE
-- 20240605LIV
Exemplaires
Estatus retirado Estado de daño Estado de pérdida Fecha de adquisición Biblioteca de origen Biblioteca actual Ubicación en estantería Código de barras Precio de reemplazo Signatura topográfica completa No para préstamo Tipo de ítem Koha Nota pública Nota no pública
      05/08/2025 Casa México Paris Casa México Paris   010364 05/08/2025 861.4 Z39DE   Livre 20240605LIV 751145101